02249agaaa2200313 45000010005000000030009000050050017000140070009000310080040000400400023000800410013001031000009001161300048001252400053001732450175002262460046004012500022004472600094004693000033005635080055005965110036006515201043006875380016017305460013017466500058017597000054018177000009018717000055018803903IT-RoPAU20220918181245.0d cvaizq50131s9999||||xx ||| | || ||und|| aIT-RoPAUcIT-RoPAU aITALIANO aN.d. aSANTI E PECCATORI-4-RIFORMA E CONTRORIFORMA aSAINTS AND SINNERS - PROTEST AND DIVISIONgT3366 aSANTI E PECCATORI-4-RIFORMA E CONTRORIFORMAcProdotto da: Studio P.V. Diretto da: N.d.pSANTI E PECCATORI-4-RIFORMA E CONTRORIFORMA (Rif. Codice opera principale : H3903) aSAINTS AND SINNERS - PROTEST AND DIVISION aEdizione Standard aMILANO (ITALIA)bMULTIMEDIA SAN PAOLO / g"1999 (1° ed.: 2003 ; Ed. Lingua Orig.: 1997)" aVHSbsonoro, col.c60 minuti a"Fotografia: Robert James; Musica: Pook Jocelyn; " a"Narratore:; Marco; Balzarotti" a"LA PIU' RECENTE E COMPLETA STORIA DELLA CHIESA, RACCONTATA DALLA PARTE DEISUCCESSORI DI PIETRO. UNO STRUMENTO CRITICO PER LEGGERE LA VITA DI UN'ISTITUZIONE CHE, DA VENTI SECOLI, CONDIVIDE CON L'UOMO LE GIOIE E LE SPERANZE, LE TRISTEZZE E LE ANGOSCE. UNO SGUARDO ILLUMINANTE SUL PASSATO PER COMPRENDERE I FERMENTI DI NOVITA' DEL TERZO MILLENNIO. 4 EPISODIO: ""RIFORMA E CONTRORIFORMA"": RINASCIMENTO A ROMA: SAN PIETRO E LA BIBLIOTECA VATICANA; UMANESIMO E CAPPELLA SISTINA. INVENZIONE DELLA STAMPA. MARTIN LUTERO E RIFORMA PROTESTANTE. CARLO V CINGE D'ASSEDIO CLEMENTE VII. ENRICO VIII E LO SCISMA D'INGHILTERRA. CONCILIO DI TRENTO. IGNAZIO DI LOYOLA E LA COMPAGNIA DI GESU'.RIFORMA DELLA CHIESA: FONDAZIONE DEI SEMINARI, CATECHISMO, LITURGIA. SISTOV. INQUISIZIONE SPAGNOLA DI FILIPPO II. CATTOLICESIMO IN ESTREMO ORIENTE. IL CASO GALILEO. SCONTRO TRA AUTORITA' PAPALE E MONARCHIE ASSOLUTE. CONSULENZA PER L'EDIZIONE ITALIANA: D. FRANCO PIERINI, D. ENNIO APECITI, D. UMBERTO DELL'ORTO. FILM A COLORI. DISTRIBUZIONE MULTIMEDIA SAN PAOLO." aPAL, STEREO aITALIANO aDOCUMENTARIOeFILMS [VHS]xCodice MATERIA SPICS: 9960 aAA.VV. e(soggetto)gCodice Soggetto SPICS: 12000 aN.d. aPook Jocelyne(musica)gCodice Musica SPICS: 57469